[Event "Madrid ch Superveteranos 2023-2024"]
[Site "Madrid ESP"]
[Date "2024.05.20"]
[Round "5.19"]
[White "Abad Martin-Camunas, Luis"]
[Black "Perez Molero, Jose Ignacio"]
[Result "0-1"]
[WhiteElo "1623"]
[BlackElo "1682"]
[PlyCount "50"]
[EventDate "2024.05.13"]
[EventType "swiss"]
[EventRounds "7"]
[EventCountry "ESP"]
[SourceTitle "Ajedrez en Madrid"]
[Source "lmi"]
[SourceDate "2024.05.13"]
[SourceVersion "1"]
[SourceVersionDate "2024.05.25"]
[SourceQuality "1"]

1. e4 c6 2. c4 d5 3. exd5 cxd5 4. d4 Nf6 5. h3 e6 6. a3 b6 7. Bg5 Be7 8. Nf3
dxc4 9. Bxc4 Ba6 10. Bxa6 Nxa6 11. O-O O-O 12. Nc3 Nc7 13. Rc1 h6 14. Bf4 Ncd5
15. Be5 Rc8 16. Qd2 Qd7 17. Rfe1 Nxc3 18. Rxc3 Nd5 19. Rxc8 Rxc8 20. Rc1 Rc6
21. h4 Qc8 22. Rxc6 Qxc6 23. g4 Bd8 24. Kg2 Nf6 25. Kg3 Ne4+ 0-1

[Event "Madrid ch Superveteranos 2023-2024"]
[Site "Madrid ESP"]
[Date "2024.05.20"]
[Round "5.20"]
[White "Perez Agusti, Luis"]
[Black "Infante Martin, Alonso"]
[Result "1-0"]
[WhiteElo "1928"]
[BlackElo "1620"]
[PlyCount "57"]
[EventDate "2024.05.13"]
[EventType "swiss"]
[EventRounds "7"]
[EventCountry "ESP"]
[SourceTitle "Ajedrez en Madrid"]
[Source "lmi"]
[SourceDate "2024.05.13"]
[SourceVersion "1"]
[SourceVersionDate "2024.05.25"]
[SourceQuality "1"]

1. d4 Nf6 2. c4 d6 3. Nc3 Nbd7 4. e4 e5 5. Nf3 Be7 6. Be2 h6 7. h3 c6 8. Be3
Qc7 9. O-O O-O 10. Rc1 a6 11. Nh4 Re8 12. Nf5 Bf8 13. d5 c5 14. g4 Kh7 15. Qd2
Ng8 16. g5 g6 17. Nxh6 Bxh6 18. gxh6 Ndf6 19. Kg2 Qe7 20. Rh1 Qf8 21. h4 Nxh6
22. h5 gxh5 23. Rcg1 Bg4 24. f3 Bd7 25. Bg5 Nfg8 26. Rxh5 f6 27. Bxh6 Nxh6 28.
Rgh1 Qg7+ 29. Kf2 1-0

[Event "Madrid ch Superveteranos 2023-2024"]
[Site "Madrid ESP"]
[Date "2024.05.20"]
[Round "5.21"]
[White "Hortelano Hap, Ramon"]
[Black "Marcos Medina, Alejandro"]
[Result "0-1"]
[WhiteElo "1678"]
[BlackElo "1766"]
[PlyCount "56"]
[EventDate "2024.05.13"]
[EventType "swiss"]
[EventRounds "7"]
[EventCountry "ESP"]
[SourceTitle "Ajedrez en Madrid"]
[Source "lmi"]
[SourceDate "2024.05.13"]
[SourceVersion "1"]
[SourceVersionDate "2024.05.25"]
[SourceQuality "1"]

1. f4 b6 2. Nf3 Bb7 3. e3 g6 4. d4 Nf6 5. Bd3 Bg7 6. O-O d5 7. Ne5 Ne4 8. Nd2
f6 9. Ng4 e6 10. Qf3 h5 11. Nf2 Nxf2 12. Rxf2 f5 13. Qg3 Qf6 14. Nf3 Nd7 15.
Ne5 Nxe5 16. dxe5 Qf7 17. c4 O-O-O 18. b4 h4 19. Qf3 dxc4 20. Qd1 Rxd3 21. Qc2
Bd5 22. a4 Bf8 23. Bd2 Qd7 24. Re2 h3 25. g3 Bb7 26. Qxc4 Rxd2 27. Rxd2 Qxd2
28. Qxe6+ Kb8 0-1

[Event "Madrid ch Superveteranos 2023-2024"]
[Site "Madrid ESP"]
[Date "2024.05.20"]
[Round "5.24"]
[White "Garcia Marin, Blas"]
[Black "Ros Martinez, Francisco Javier"]
[Result "0-1"]
[WhiteElo "1612"]
[BlackElo "1731"]
[PlyCount "68"]
[EventDate "2024.05.13"]
[EventType "swiss"]
[EventRounds "7"]
[EventCountry "ESP"]
[SourceTitle "Ajedrez en Madrid"]
[Source "lmi"]
[SourceDate "2024.05.13"]
[SourceVersion "1"]
[SourceVersionDate "2024.05.25"]
[SourceQuality "1"]

1. e4 e5 2. Nf3 Nc6 3. Bc4 Nf6 4. Nc3 Nxe4 5. Bxf7+ Kxf7 6. Nxe4 d5 7. Neg5+
Kg8 8. d3 Be7 9. Qe2 Bf6 10. h4 Bg4 11. Qf1 h6 12. Nh3 Qe7 13. Nh2 Bxh3 14.
gxh3 Bxh4 15. Qg2 Rd8 16. Ng4 Nd4 17. Ne3 c6 18. c3 Rf8 19. Rf1 Nf3+ 20. Kd1
Qe6 21. Ng4 Kh7 22. Be3 Qg6 23. Ke2 h5 24. Qxf3 Rxf3 25. Nxe5 Rxe3+ 26. Kxe3
Qg5+ 27. f4 Qg2 28. Rf3 Re8 29. d4 Qxb2 30. Raf1 Qxc3+ 31. Ke2 Qxd4 32. Rd3 Qa4
33. Rd2 Bf6 34. Rfd1 Qxf4 0-1

[Event "Madrid ch Superveteranos 2023-2024"]
[Site "Madrid ESP"]
[Date "2024.05.20"]
[Round "5.25"]
[White "Vasquez Escobar, Andres Eloy"]
[Black "Salgado Duarte, Pablo"]
[Result "1-0"]
[WhiteElo "1600"]
[BlackElo "1663"]
[PlyCount "77"]
[EventDate "2024.05.13"]
[EventType "swiss"]
[EventRounds "7"]
[EventCountry "ESP"]
[SourceTitle "Ajedrez en Madrid"]
[Source "lmi"]
[SourceDate "2024.05.13"]
[SourceVersion "1"]
[SourceVersionDate "2024.05.25"]
[SourceQuality "1"]

1. d4 d5 2. c4 e6 3. Bf4 Nf6 4. h3 Nc6 5. e3 Bb4+ 6. Nc3 h6 7. Nf3 Bd7 8. Be2
O-O 9. O-O Bxc3 10. bxc3 Ne7 11. Rb1 b6 12. Ne5 Nc6 13. Nxd7 Qxd7 14. Bh2 Ne4
15. Qc2 Rfc8 16. cxd5 exd5 17. c4 Nf6 18. Bf3 Ne7 19. Qb2 c5 20. cxd5 Nexd5 21.
e4 Ne7 22. dxc5 Rxc5 23. Rfd1 Qe8 24. Bd6 Ra5 25. Bxe7 Qxe7 26. e5 Rc8 27. exf6
gxf6 28. Re1 Re5 29. Rxe5 fxe5 30. Re1 f6 31. Qb3+ Kg7 32. Be4 Rc5 33. Re3 Kh8
34. Rg3 Rc8 35. Bf5 Rd8 36. Qe3 Qf8 37. Rg6 Rd6 38. Rxh6+ Kg7 39. Rh7+ 1-0

[Event "Madrid ch Superveteranos 2023-2024"]
[Site "Madrid ESP"]
[Date "2024.05.20"]
[Round "5.26"]
[White "Lopez Manso, Jeronimo"]
[Black "Siddiqie, Kausar Iqbal"]
[Result "0-1"]
[WhiteElo "1564"]
[BlackElo "1596"]
[PlyCount "118"]
[EventDate "2024.05.13"]
[EventType "swiss"]
[EventRounds "7"]
[EventCountry "ESP"]
[SourceTitle "Ajedrez en Madrid"]
[Source "lmi"]
[SourceDate "2024.05.13"]
[SourceVersion "1"]
[SourceVersionDate "2024.05.25"]
[SourceQuality "1"]

1. f4 d5 2. Nf3 Bg4 3. e3 Nf6 4. b3 Nc6 5. c4 e6 6. Bb2 Be7 7. h3 Bxf3 8. Qxf3
Ne4 9. Rg1 Nb4 10. Na3 Ng3 11. Bc3 a5 12. Kd1 Nxf1 13. Rxf1 Nd3 14. Nb5 c6 15.
Nd4 Ba3 16. Nc2 Bb2 17. Bxb2 Nxb2+ 18. Ke2 dxc4 19. Nd4 cxb3 20. axb3 a4 21.
Qe4 O-O 22. bxa4 Nc4 23. Rfc1 Nd6 24. Qe5 Ra5 25. Rc5 Rxc5 26. Qxc5 Ne4 27. Qe5
Ng3+ 28. Kf3 Nf5 29. Rb1 Nd6 30. d3 Qc7 31. g4 b6 32. Rc1 c5 33. a5 Qb7+ 34.
Kg3 cxd4 35. Qxd6 dxe3 36. Qxb6 Qd5 37. Qxe3 Qxa5 38. Rc5 Qa3 39. Qd4 h6 40. h4
Qb3 41. h5 Qb6 42. g5 hxg5 43. fxg5 Rd8 44. Qe3 Qb8+ 45. Kh3 Qb3 46. Kg4 Qxd3
47. Re5 Qd1+ 48. Qe2 Qg1+ 49. Kh3 Qh1+ 50. Kg3 Qg1+ 51. Kh3 Qh1+ 52. Kg3 Rd1
53. Kf4 Qh4+ 54. Kf3 Qxh5+ 55. Ke3 Qh3+ 56. Kf2 Qh4+ 57. Kf3 Qh3+ 58. Kf4 Rd4+
59. Re4 Qf5+ 0-1

[Event "Madrid ch Superveteranos 2023-2024"]
[Site "Madrid ESP"]
[Date "2024.05.21"]
[Round "6.1"]
[White "Perez Pascual, Arturo"]
[Black "Martin Martin, Luis Vicente"]
[Result "0-1"]
[WhiteElo "1756"]
[BlackElo "1953"]
[PlyCount "141"]
[EventDate "2024.05.13"]
[EventType "swiss"]
[EventRounds "7"]
[EventCountry "ESP"]
[SourceTitle "Ajedrez en Madrid"]
[Source "lmi"]
[SourceDate "2024.05.13"]
[SourceVersion "1"]
[SourceVersionDate "2024.05.25"]
[SourceQuality "1"]

1. e4 d5 2. exd5 Qxd5 3. Nc3 Qa5 4. d4 c6 5. Nf3 Bf5 6. Ne5 Nf6 7. Bc4 e6 8.
O-O Nbd7 9. Qe2 Be7 10. a3 Nxe5 11. dxe5 Nd7 12. Re1 Nb6 13. Bd3 Bxd3 14. Qxd3
Nd5 15. Bd2 Nxc3 16. Bxc3 Qc7 17. Qg3 g6 18. Rad1 Rd8 19. h4 h5 20. Bd2 O-O 21.
Bg5 Rxd1 22. Rxd1 Rd8 23. Re1 Rd5 24. Qe3 Bc5 25. Qf4 Rd4 26. Qf3 Qd7 27. Be3
Rd5 28. Bxc5 Rxc5 29. Rd1 Rd5 30. Rxd5 Qxd5 31. Qxd5 exd5 32. f4 f6 33. exf6
Kf7 34. Kf2 Kxf6 35. Kf3 Kf5 36. b4 b6 37. c3 c5 38. g3 d4 39. cxd4 cxd4 40. b5
d3 41. Ke3 Kg4 42. Kxd3 Kxg3 43. Ke3 Kxh4 44. Kf3 g5 45. f5 g4+ 46. Ke4 g3 47.
f6 g2 48. f7 g1=Q 49. f8=Q Qb1+ 50. Kd4 Qb2+ 51. Ke4 Qc2+ 52. Kf3 Qd3+ 53. Kf2
Qg3+ 54. Ke2 Kh3 55. Qf7 Qe5+ 56. Kf3 Qg3+ 57. Ke2 Qg4+ 58. Kf2 h4 59. Qxa7
Qf4+ 60. Ke2 Qc4+ 61. Kf2 Qd4+ 62. Kf3 Qd3+ 63. Kf2 Qg3+ 64. Ke2 Qg2+ 65. Kd3
Qf3+ 66. Kd2 Qf2+ 67. Kd3 Kg2 68. Ke4 h3 69. Qg7+ Kf1 70. Qc3 h2 71. Qd3+ 0-1

[Event "Madrid ch Superveteranos 2023-2024"]
[Site "Madrid ESP"]
[Date "2024.05.21"]
[Round "6.2"]
[White "Cabanas Bravo, Juan Andres"]
[Black "Barraza Caracuel, Ignacio"]
[Result "0-1"]
[WhiteElo "1986"]
[BlackElo "2046"]
[PlyCount "102"]
[EventDate "2024.05.13"]
[EventType "swiss"]
[EventRounds "7"]
[EventCountry "ESP"]
[SourceTitle "Ajedrez en Madrid"]
[Source "lmi"]
[SourceDate "2024.05.13"]
[SourceVersion "1"]
[SourceVersionDate "2024.05.25"]
[SourceQuality "1"]

1. e4 c5 2. Nf3 Nc6 3. d4 cxd4 4. Nxd4 e5 5. Nb5 d6 6. N1c3 a6 7. Na3 b5 8. Nd5
Be6 9. c3 Nf6 10. Bg5 Be7 11. Bxf6 Bxf6 12. Nc2 Bg5 13. a4 Rb8 14. axb5 axb5
15. Ra6 Qc8 16. Qa1 O-O 17. h4 Bd8 18. Nce3 g6 19. h5 b4 20. Bd3 bxc3 21. bxc3
Kg7 22. Qa3 Bxd5 23. h6+ Kg8 24. Nxd5 Ne7 25. Nf6+ Kh8 26. O-O Ng8 27. Nxg8
Kxg8 28. Qxd6 Qc7 29. Qd5 Bg5 30. c4 Rbd8 31. Qa5 Qxa5 32. Rxa5 Rxd3 33. Rxe5
Bxh6 34. f4 Rc3 35. Rc5 Ra8 36. Rc7 Rc2 37. f5 Raa2 38. Rc8+ Bf8 39. Rf3 Rxg2+
40. Kf1 Rh2 41. Kg1 Rhe2 42. Re8 Rac2 43. Kf1 Rh2 44. Kg1 Rhd2 45. Rc8 Rc1+ 46.
Rf1 Rxf1+ 47. Kxf1 Rd4 48. fxg6 hxg6 49. Ke2 Rxe4+ 50. Kd3 Re5 51. Kd4 Rf5 0-1

[Event "Madrid ch Superveteranos 2023-2024"]
[Site "Madrid ESP"]
[Date "2024.05.21"]
[Round "6.3"]
[White "Martin-Consuegra Barrilero, Javi"]
[Black "Pastor Alonso De Prado, Alberto"]
[Result "0-1"]
[WhiteElo "1827"]
[BlackElo "1980"]
[PlyCount "46"]
[EventDate "2024.05.13"]
[EventType "swiss"]
[EventRounds "7"]
[EventCountry "ESP"]
[SourceTitle "Ajedrez en Madrid"]
[Source "lmi"]
[SourceDate "2024.05.13"]
[SourceVersion "1"]
[SourceVersionDate "2024.05.25"]
[SourceQuality "1"]

1. d4 d6 2. Bf4 g6 3. h3 Bg7 4. Nf3 Nd7 5. e3 e5 6. Bh2 Qe7 7. Be2 Nh6 8. dxe5
dxe5 9. c3 O-O 10. e4 Kh8 11. Nbd2 a5 12. a4 f5 13. O-O f4 14. Ne1 b6 15. f3
Bf6 16. Kh1 Bh4 17. Nd3 Ba6 18. Bg1 Nf7 19. Nf2 Bc8 20. Nc4 Nf6 21. Ng4 Bxg4
22. hxg4 Bg3 23. Qc2 Nxg4 0-1

[Event "Madrid ch Superveteranos 2023-2024"]
[Site "Madrid ESP"]
[Date "2024.05.21"]
[Round "6.4"]
[White "Gonzalez Rivera, Eduardo"]
[Black "Fernandez Garcia, Ignacio"]
[Result "1-0"]
[WhiteElo "1965"]
[BlackElo "1872"]
[PlyCount "119"]
[EventDate "2024.05.13"]
[EventType "swiss"]
[EventRounds "7"]
[EventCountry "ESP"]
[SourceTitle "Ajedrez en Madrid"]
[Source "lmi"]
[SourceDate "2024.05.13"]
[SourceVersion "1"]
[SourceVersionDate "2024.05.25"]
[SourceQuality "1"]

1. e4 e6 2. d4 d5 3. Nd2 Nc6 4. c3 e5 5. c4 exd4 6. exd5 Qe7+ 7. Be2 Nb4 8. a3
Nd3+ 9. Kf1 Nxc1 10. Rxc1 g6 11. Ndf3 Bh6 12. Qxd4 Nf6 13. Re1 O-O 14. Bd3 Qd8
15. Qc3 Bg7 16. Qc2 Nd7 17. b4 a5 18. Ne2 axb4 19. axb4 Re8 20. h4 Ne5 21. Nxe5
Rxe5 22. h5 Bf5 23. hxg6 fxg6 24. Bxf5 Rxf5 25. g3 Qf8 26. Nf4 Qxb4 27. Ne6 Bc3
28. Re4 Ra1+ 29. Kg2 Rxh1 30. Kxh1 Bf6 31. Nxc7 Qa5 32. Ne6 Qa1+ 33. Kg2 Rh5
34. Kf3 Rf5+ 35. Rf4 Rh5 36. Re4 Rf5+ 37. Ke2 Qg1 38. Nf4 Be5 39. Nd3 Bxg3 40.
Qa4 Bxf2 41. Qa8+ Rf8 42. Re8 Qg4+ 43. Kd2 Qg5+ 44. Kc2 Rxe8 45. Qxe8+ Kg7 46.
Qd7+ Kh6 47. Nxf2 Qg2 48. Qh3+ Qxh3 49. Nxh3 Kg7 50. Kd3 Kf6 51. Ke4 h6 52. c5
g5 53. Kd4 g4 54. Nf4 g3 55. c6 bxc6 56. dxc6 Ke7 57. Kc5 Kd8 58. Kb6 Kc8 59.
c7 h5 60. Ng2 1-0

[Event "Madrid ch Superveteranos 2023-2024"]
[Site "Madrid ESP"]
[Date "2024.05.21"]
[Round "6.5"]
[White "Jimenez Jimenez, Jose Luis"]
[Black "Garcia Galeote, Lorenzo"]
[Result "1-0"]
[WhiteElo "1835"]
[BlackElo "1905"]
[PlyCount "137"]
[EventDate "2024.05.13"]
[EventType "swiss"]
[EventRounds "7"]
[EventCountry "ESP"]
[SourceTitle "Ajedrez en Madrid"]
[Source "lmi"]
[SourceDate "2024.05.13"]
[SourceVersion "1"]
[SourceVersionDate "2024.05.25"]
[SourceQuality "1"]

1. e4 e5 2. Nc3 d6 3. f4 exf4 4. Nf3 g5 5. h3 Nc6 6. d4 Bg7 7. Bb5 Bd7 8. a3 h6
9. Qd3 a6 10. Bc4 Nge7 11. Bd2 b5 12. Bb3 O-O 13. O-O Kh8 14. Nd5 f5 15. Nxe7
Nxe7 16. c3 fxe4 17. Qxe4 Bf5 18. Qe1 Bd3 19. Rf2 Nf5 20. Qd1 Ne3 21. Qc1 Re8
22. Ne1 Bc4 23. Bxc4 bxc4 24. Nc2 Nxc2 25. Qxc2 Qd7 26. Re1 Re7 27. Rfe2 Rxe2
28. Rxe2 d5 29. Qg6 Rf8 30. Re6 a5 31. Be1 Kg8 32. Kf2 Qf7 33. Qxf7+ Kxf7 34.
Ra6 Rb8 35. Rxa5 Rxb2+ 36. Kf1 Ke6 37. Ra7 Kd6 38. a4 Bf8 39. a5 Kc6 40. Ra8
Bd6 41. a6 Ra2 42. Rh8 Rxa6 43. Rxh6 Ra1 44. Rg6 f3 45. gxf3 Kd7 46. Rxg5 c6
47. Rg4 c5 48. Ke2 cxd4 49. Rxd4 Ke6 50. f4 Ra2+ 51. Kf3 Ra1 52. Bg3 Bc5 53.
f5+ Kf6 54. Rxd5 Rf1+ 55. Kg4 Bf2 56. Be5+ Kf7 57. Rd7+ Ke8 58. Rc7 Rg1+ 59.
Kf3 Bb6 60. Rxc4 Rf1+ 61. Kg4 Rg1+ 62. Kh5 Bd8 63. f6 Kf7 64. Rf4 Bb6 65. h4
Re1 66. Bd4 Bd8 67. Rg4 Rf1 68. Rg6 Rh1 69. Rg7+ 1-0

[Event "Madrid ch Superveteranos 2023-2024"]
[Site "Madrid ESP"]
[Date "2024.05.21"]
[Round "6.6"]
[White "Hernandez Gutierrez, Jose"]
[Black "Estrada Martinez, Cesar"]
[Result "1-0"]
[WhiteElo "1805"]
[BlackElo "1867"]
[PlyCount "75"]
[EventDate "2024.05.13"]
[EventType "swiss"]
[EventRounds "7"]
[EventCountry "ESP"]
[SourceTitle "Ajedrez en Madrid"]
[Source "lmi"]
[SourceDate "2024.05.13"]
[SourceVersion "1"]
[SourceVersionDate "2024.05.25"]
[SourceQuality "1"]

1. d4 c5 2. c3 e6 3. Bf4 Nf6 4. e3 Nc6 5. Nd2 d5 6. Bd3 Bd6 7. Bxd6 Qxd6 8. f4
O-O 9. Ngf3 cxd4 10. cxd4 Nb4 11. Be2 Ng4 12. Nf1 Nc6 13. Qd2 Bd7 14. a3 Rac8
15. Ng3 f5 16. O-O Rc7 17. Rfc1 Rfc8 18. Rc3 Nf6 19. Ne5 Ne4 20. Nxe4 dxe4 21.
Rac1 Nxe5 22. fxe5 Qb6 23. Rxc7 Rxc7 24. Rxc7 Qxc7 25. Qc3 Qxc3 26. bxc3 b5 27.
Kf2 Kf7 28. h4 g6 29. Kg3 a6 30. Kf2 h6 31. g3 Ke7 32. Ke1 Kd8 33. c4 Kc7 34.
Kd2 Kb6 35. Kc3 h5 36. c5+ Kc6 37. Kb4 Kd5 38. Kc3 1-0

[Event "Madrid ch Superveteranos 2023-2024"]
[Site "Madrid ESP"]
[Date "2024.05.21"]
[Round "6.7"]
[White "Camarero Izquierdo, Juan Carlos"]
[Black "Samaniego Bordiu, Gonzalo"]
[Result "0-1"]
[WhiteElo "1725"]
[BlackElo "1881"]
[PlyCount "84"]
[EventDate "2024.05.13"]
[EventType "swiss"]
[EventRounds "7"]
[EventCountry "ESP"]
[SourceTitle "Ajedrez en Madrid"]
[Source "lmi"]
[SourceDate "2024.05.13"]
[SourceVersion "1"]
[SourceVersionDate "2024.05.25"]
[SourceQuality "1"]

1. e4 e6 2. d4 d5 3. Nc3 Bb4 4. e5 c5 5. a3 Bxc3+ 6. bxc3 Qa5 7. Bd2 Qa4 8. Qg4
Kf8 9. Bd3 c4 10. Be2 Ne7 11. Bd1 Nf5 12. Ne2 Nc6 13. O-O h6 14. Ng3 Nce7 15.
Bc1 Bd7 16. Rb1 Rb8 17. Rb4 Qc6 18. a4 a5 19. Rb5 Qc7 20. Rc5 Qd8 21. Ba3 Kg8
22. Nh5 Kh7 23. Rc7 Qxc7 24. Bxe7 Rhg8 25. Ba3 Be8 26. Qh3 f6 27. g4 Bxh5 28.
Qxh5 g6 29. Qh3 fxe5 30. gxf5 gxf5+ 31. Kh1 e4 32. Bc1 Qg7 33. Bf4 Rbd8 34. f3
Qg6 35. Be5 f4 36. fxe4 dxe4 37. Be2 Rd5 38. Rb1 Rxe5 39. dxe5 f3 40. Bxf3 exf3
41. Qxf3 Rg7 42. Qf2 Qe4+ 0-1

[Event "Madrid ch Superveteranos 2023-2024"]
[Site "Madrid ESP"]
[Date "2024.05.21"]
[Round "6.8"]
[White "Conchillo Roman, Jose Ignacio"]
[Black "Pinan Gaviria, Jose"]
[Result "1/2-1/2"]
[WhiteElo "1672"]
[BlackElo "1819"]
[PlyCount "59"]
[EventDate "2024.05.13"]
[EventType "swiss"]
[EventRounds "7"]
[EventCountry "ESP"]
[SourceTitle "Ajedrez en Madrid"]
[Source "lmi"]
[SourceDate "2024.05.13"]
[SourceVersion "1"]
[SourceVersionDate "2024.05.25"]
[SourceQuality "1"]

1. e4 e5 2. Nf3 Nc6 3. Bb5 a6 4. Ba4 Nf6 5. d3 Be7 6. Nbd2 d6 7. c3 O-O 8. Nf1
Be6 9. Ng3 b5 10. Bc2 d5 11. exd5 Nxd5 12. O-O f5 13. h3 Nf6 14. Bg5 Qd7 15.
Qe2 Bd6 16. Rfe1 Rad8 17. Bxf6 Rxf6 18. a4 Rh6 19. axb5 axb5 20. Ng5 Bd5 21. c4
Nd4 22. Qd1 bxc4 23. dxc4 Bxc4 24. Nf3 Nxf3+ 25. Qxf3 f4 26. Nf5 Rf6 27. Nxd6
Rxd6 28. Qe4 Bd3 29. Bxd3 Rxd3 30. Ra8 1/2-1/2

[Event "Madrid ch Superveteranos 2023-2024"]
[Site "Madrid ESP"]
[Date "2024.05.21"]
[Round "6.9"]
[White "Ortiz Landeira, Jose Antonio"]
[Black "Garcia Esteban, Ignacio"]
[Result "1/2-1/2"]
[WhiteElo "1817"]
[BlackElo "1772"]
[PlyCount "28"]
[EventDate "2024.05.13"]
[EventType "swiss"]
[EventRounds "7"]
[EventCountry "ESP"]
[SourceTitle "Ajedrez en Madrid"]
[Source "lmi"]
[SourceDate "2024.05.13"]
[SourceVersion "1"]
[SourceVersionDate "2024.05.25"]
[SourceQuality "1"]

1. Nf3 d5 2. d4 Nf6 3. e3 g6 4. c4 c6 5. Nc3 Bg7 6. cxd5 cxd5 7. Bd3 O-O 8. O-O
Nc6 9. a3 Re8 10. b4 a6 11. Bb2 b5 12. Rc1 Bd7 13. Qb3 e6 14. Rc2 Rc8 1/2-1/2

[Event "Madrid ch Superveteranos 2023-2024"]
[Site "Madrid ESP"]
[Date "2024.05.21"]
[Round "6.10"]
[White "Martinez De La Puente, Ignacio"]
[Black "Martinez Pintor, Juan"]
[Result "1-0"]
[WhiteElo "1778"]
[BlackElo "1743"]
[PlyCount "39"]
[EventDate "2024.05.13"]
[EventType "swiss"]
[EventRounds "7"]
[EventCountry "ESP"]
[SourceTitle "Ajedrez en Madrid"]
[Source "lmi"]
[SourceDate "2024.05.13"]
[SourceVersion "1"]
[SourceVersionDate "2024.05.25"]
[SourceQuality "1"]

1. d4 d5 2. c4 c6 3. Nc3 Nf6 4. e3 e6 5. Nf3 Nbd7 6. Bd3 dxc4 7. Bxc4 b5 8. Bb3
a6 9. O-O Bb7 10. Bd2 c5 11. Rc1 c4 12. Bc2 Bd6 13. e4 b4 14. e5 bxc3 15. Bxc3
Be7 16. exf6 Nxf6 17. Ba4+ Nd7 18. Ne5 Bc8 19. Qf3 O-O 20. Qxa8 1-0

[Event "Madrid ch Superveteranos 2023-2024"]
[Site "Madrid ESP"]
[Date "2024.05.21"]
[Round "6.11"]
[White "Corredor Gonzalez, Angel L."]
[Black "Jimenez Ascarza, Jose Ignacio"]
[Result "0-1"]
[WhiteElo "1845"]
[BlackElo "1749"]
[PlyCount "78"]
[EventDate "2024.05.13"]
[EventType "swiss"]
[EventRounds "7"]
[EventCountry "ESP"]
[SourceTitle "Ajedrez en Madrid"]
[Source "lmi"]
[SourceDate "2024.05.13"]
[SourceVersion "1"]
[SourceVersionDate "2024.05.25"]
[SourceQuality "1"]

1. e4 c5 2. c3 d5 3. e5 Nc6 4. d4 cxd4 5. cxd4 e6 6. Nf3 Bb4+ 7. Nc3 Nge7 8.
Bd3 Nf5 9. Bxf5 exf5 10. O-O Be7 11. Re1 Be6 12. Qb3 Rb8 13. Bd2 O-O 14. Qd1
Kh8 15. Ne2 g5 16. h3 Rg8 17. Nh2 g4 18. hxg4 fxg4 19. Bf4 Bg5 20. Qd2 Qe7 21.
Ng3 Rg6 22. Nh5 Rbg8 23. Rad1 g3 24. Nxg3 h5 25. Ne2 h4 26. Nf3 Bxf4 27. Nxf4
Rg4 28. Nh2 R4g5 29. Re2 Qf8 30. Qe3 Qg7 31. Qf3 Bg4 32. Nxg4 Rxg4 33. Kh1 Rxf4
34. Qh5+ Qh7 35. Qxh7+ Kxh7 36. Red2 Rfg4 37. f3 R4g6 38. Kh2 Ne7 39. Kh3 Nf5
0-1

[Event "Madrid ch Superveteranos 2023-2024"]
[Site "Madrid ESP"]
[Date "2024.05.21"]
[Round "6.12"]
[White "Mauriello, Nunzio"]
[Black "Lopez Heras, Arturo"]
[Result "0-1"]
[WhiteElo "1726"]
[BlackElo "1841"]
[PlyCount "129"]
[EventDate "2024.05.13"]
[EventType "swiss"]
[EventRounds "7"]
[EventCountry "ESP"]
[SourceTitle "Ajedrez en Madrid"]
[Source "lmi"]
[SourceDate "2024.05.13"]
[SourceVersion "1"]
[SourceVersionDate "2024.05.25"]
[SourceQuality "1"]

1. d4 c5 2. d5 d6 3. Nc3 Nf6 4. e4 g6 5. Bb5+ Bd7 6. Bxd7+ Nbxd7 7. f4 b5 8.
Qf3 b4 9. Nd1 Bg7 10. c4 a5 11. Rb1 a4 12. Ne2 O-O 13. O-O Qc7 14. Nf2 Nb6 15.
b3 axb3 16. axb3 Ra2 17. Bb2 Nfd7 18. Bxg7 Kxg7 19. Nc1 Ra3 20. g4 Nxc4 21. Qe2
Ncb6 22. Ncd3 Rfa8 23. Rfc1 Qb8 24. g5 Qh8 25. Qb2+ Kg8 26. Qxh8+ Kxh8 27. Rc2
Kg7 28. Kf1 Ra2 29. Rbb2 Rxb2 30. Rxb2 Ra1+ 31. Ke2 Nb8 32. Kd2 Na6 33. Rc2 Ra3
34. Nc1 Nc7 35. Nfd3 Nb5 36. Ke3 Nd4 37. Rb2 f6 38. Nxb4 Nb5 39. Nc2 Nc4+ 40.
Ke2 Nxb2 41. Nxa3 Nxa3 42. Kd2 c4 43. Kc3 Nd1+ 44. Kb4 cxb3 45. Nxb3 Nc2+ 46.
Kb5 Nf2 47. gxf6+ Kxf6 48. Nd2 Nd4+ 49. Kb6 Ne2 50. Kc7 Nxf4 51. Kd7 N4d3 52.
Ke8 Nc5 53. e5+ dxe5 54. Nc4 e4 55. Kf8 Ng4 56. h3 Nf2 57. h4 h5 58. Ne3 Ng4
59. Ng2 e3 60. Nf4 Nd7+ 61. Ke8 Nde5 62. Kd8 Nf2 63. Ke8 Nfd3 64. Ne2 Nf3 65.
Ng3 0-1

[Event "Madrid ch Superveteranos 2023-2024"]
[Site "Madrid ESP"]
[Date "2024.05.21"]
[Round "6.13"]
[White "Cabrera Jimenez, Julio"]
[Black "Martinez Miura, Enrique"]
[Result "1/2-1/2"]
[WhiteElo "1815"]
[BlackElo "1703"]
[PlyCount "62"]
[EventDate "2024.05.13"]
[EventType "swiss"]
[EventRounds "7"]
[EventCountry "ESP"]
[SourceTitle "Ajedrez en Madrid"]
[Source "lmi"]
[SourceDate "2024.05.13"]
[SourceVersion "1"]
[SourceVersionDate "2024.05.25"]
[SourceQuality "1"]

1. e4 e6 2. d4 d5 3. Nd2 dxe4 4. Nxe4 Nd7 5. Bd3 Be7 6. Nf3 Ngf6 7. Nxf6+ Nxf6
8. O-O O-O 9. c3 b6 10. Bc2 Bb7 11. h3 c5 12. Re1 cxd4 13. Nxd4 Qd5 14. f3 Rfd8
15. Bf4 Qc5 16. Re5 Rd5 17. Rxd5 Nxd5 18. Qd3 g6 19. Bg3 Bf6 20. Bf2 Qc7 21.
Re1 a6 22. Bb3 Rd8 23. Bxd5 Rxd5 24. Qe2 b5 25. a3 Re5 26. Qd1 Rxe1+ 27. Qxe1
Qc4 28. Qd2 e5 29. Nc2 h5 30. Ne3 Qc6 31. Qc2 Qe6 1/2-1/2

[Event "Madrid ch Superveteranos 2023-2024"]
[Site "Madrid ESP"]
[Date "2024.05.21"]
[Round "6.14"]
[White "Perez Molero, Jose Ignacio"]
[Black "Hurtado Garrido, Reyes"]
[Result "0-1"]
[WhiteElo "1682"]
[BlackElo "1785"]
[PlyCount "60"]
[EventDate "2024.05.13"]
[EventType "swiss"]
[EventRounds "7"]
[EventCountry "ESP"]
[SourceTitle "Ajedrez en Madrid"]
[Source "lmi"]
[SourceDate "2024.05.13"]
[SourceVersion "1"]
[SourceVersionDate "2024.05.25"]
[SourceQuality "1"]

1. d4 Nf6 2. Bg5 Ne4 3. Bf4 d5 4. Nd2 Bf5 5. Nxe4 Bxe4 6. e3 Nd7 7. Nf3 c6 8.
Nd2 Bg6 9. c4 e6 10. c5 e5 11. Bg3 Be7 12. Nf3 Qa5+ 13. Qd2 Qxd2+ 14. Kxd2 exd4
15. exd4 Nf6 16. Ne5 Ne4+ 17. Ke1 f6 18. Nxg6 hxg6 19. Bd3 f5 20. Be5 Bf6 21.
Bxf6 Nxf6 22. f3 Kf7 23. Kf2 Rh4 24. g3 Rxd4 25. Ke3 Rb4 26. Rhb1 Nd7 27. a3
Rb3 28. Kd4 Nxc5 29. Bc2 Ne6+ 30. Ke5 Re3+ 0-1